Trouvez les chansons de l'Eurovision 2019 avec les paroles - Statistiques

Statistiques générales
  • Ce quiz a été pris 28 fois
  • Le résultat moyen est 3 sur 15
Statistiques - réponses
Paroles Chanson % Correct
"Combien de pennies dans la fente, nous abandonner n'a pas pris beaucoup de temps, j'ai vu la fin avant que ça commence" Arcade - Duncan Laurence
74%
"J'ai besoin d'un héros, j'ai besoin de ma lumière, ses ondes de lumière vont se séparer de la nuit, je l'appelle la liberté, notre nom est liberté" Spirit in the sky - Keiino
39%
"Ils brûlent ! Ils brûlent ! Feu d'amour, Ça brûle en nous ! Ça brûle en nous ! Comme une forêt sèche, Aime-moi ! Aime-moi ! Plus dur et plus dur, Rien ! Rien ! Ne reste en feu" Pali Się - Tulia
35%
"Est-ce que tu peux le ressentir ? Il y a quelqu'un qui glisse le long du plafond, respirant, il se synchronise avec son coeur qui bat (avec son coeur qui bat)" Friend of a friend - Lake Malawi
30%
"Le balcon était rampant, le blister est sans fin, la vie est inutile, le vide exige tout le monde, la haine prévaudra, la joie finit, elle est toujours une illusion, fausse illusion" Hatrið mun sigra - Hatari
22%
"Pourquoi nous rendons les choses difficiles, le monde en a assez, ne soyez pas trop politiques, et qui sommes-nous pour juger? Il n'en faut pas trop, juste un miracle" Love is forever - Leonora
22%
"Comment pouvons-nous aller dormir la nuit et rester allongés dans nos lits? Quand on sait ce qui se passe avec le monde aujourd'hui" Look away - Darude ft. Sebastian Rejman
17%
"Si tu veux voir, ouvre juste les yeux, si tu veux respirer, allons dehors, à l'air libre. Il n'y a pas de raison pour rester enfermé à l'intérieur, ce royaume est le tien et ce royaume est le mien" Run with the lions - Jurijus
17%
"Si froid et si gris depuis que tu es parti ce jour-là... Tu sais, tu sais même si le soleil se lève et que le monde bouge tous les jours, hey, hey, hey, j'attendrai toujours que tu reviennes chez moi" On a sunday - Ester Peony
13%
"Tu pries parce que tu as confiance, tu sens que tu as déjà, tu vis, haute tension, je t'apporte de bonnes nouvelles" La Venda - Miki Núñez
9%
"Quand ma gorge est en feu, mes yeux seront des menteurs et ils essaieront de rester secs jusqu'à ce que tu te retournes" Scream - Sergey Lazarev
9%
"Tu n'as pas dit ce que tu as à dire, la triche est une balle dans la poitrine, vous êtes chez vous mais vous savez qu'il sait, sur une chaise tu me demanderas" Soldi - Mahmood
9%
"Et je peux maintenant te faire face, non je ne vais pas te briser, si je peux te trouver, je ne te ferai pas de mal, ce n'est pas ce que je ferais" Wake up - Eliot
4%
"Mec, si tu savais seulement, cette fois j'ai tout gâché, mais je ne peux pas t'abandonner, ton visage est tout ce que j'ai" 22 - Sarah McTernan
0%
"Je me suis habitué à me sentir nu, marcher à l'aveugle avec mon coeur suspendu. J'étais prêt à abandonner mais maintenant tu es venue dans ma vie" Heaven - D-Mol
0%
Aucun quiz correspondant
Distribution des résultats
% des personnes avec chaque résultat
Percentile par nombre de réponses
Votre historique - résultats
Vous n’avez pas pris ce quiz